Краткий курс физики: учебное пособие

Detalles Bibliográficos
Autor principal: Кузнецов С. И. Сергей Иванович
Autor Corporativo: Национальный исследовательский Томский политехнический университет (ТПУ)
Sumario:Заглавие с титульного экрана
Краткий курс физики разработан на базе лекций по общей физике, более 20 лет читаемых автором студентам технических вузов в полном соответствии с требованием образовательного госстандарта. В пособии приведены основные законы и формулы по всем разделам физики с пояснениями, диаграммами, графиками и рисунками. Цель пособия - помочь студентам освоить материал программы, научить активно применять теоретические основы физики как рабочий аппарат, позволяющий решать конкретные задачи, приобрести уверенность в самостоятельной работе. Предназначено для межвузовского использования студентами технических специальностей очной и дистанционной форм обучения.
Режим доступа: из корпоративной сети ТПУ
Lenguaje:ruso
Publicado: Томск, Изд-во ТПУ, 2011
Materias:
Acceso en línea:http://www.lib.tpu.ru/fulltext2/m/2012/m103.pdf
Formato: Electrónico Libro
KOHA link:https://koha.lib.tpu.ru/cgi-bin/koha/opac-detail.pl?biblionumber=213840

MARC

LEADER 00000nlm0a2200000 4500
001 213840
005 20231101225839.0
035 |a (RuTPU)RU\TPU\book\233675 
090 |a 213840 
100 |a 20120418d2011 k y0rusy50 ca 
101 0 |a rus 
102 |a RU 
105 |a a z 001zy 
135 |a drcn ---uucaa 
181 0 |a i  
182 0 |a b 
200 1 |a Краткий курс физики  |b Электронный ресурс  |e учебное пособие  |f С. И. Кузнецов  |g Национальный исследовательский Томский политехнический университет (ТПУ) 
203 |a Текст  |c электронный 
210 |a Томск  |c Изд-во ТПУ  |d 2011 
230 |a 1 компьютерный файл (pdf; 3.79 MB) 
300 |a Заглавие с титульного экрана 
330 |a Краткий курс физики разработан на базе лекций по общей физике, более 20 лет читаемых автором студентам технических вузов в полном соответствии с требованием образовательного госстандарта. В пособии приведены основные законы и формулы по всем разделам физики с пояснениями, диаграммами, графиками и рисунками. Цель пособия - помочь студентам освоить материал программы, научить активно применять теоретические основы физики как рабочий аппарат, позволяющий решать конкретные задачи, приобрести уверенность в самостоятельной работе. Предназначено для межвузовского использования студентами технических специальностей очной и дистанционной форм обучения. 
333 |a Режим доступа: из корпоративной сети ТПУ 
337 |a Adobe Reader 
452 1 |0 (RuTPU)RU\TPU\book\235652  |t Краткий курс физики  |o учебное пособие  |f С. И. Кузнецов  |g Национальный исследовательский Томский политехнический университет (ТПУ)  |c Томск  |n Изд-во ТПУ  |d 2011  |p 187 с.  |a Кузнецов, Сергей Иванович 
606 1 |a Физика  |2 stltpush  |3 (RuTPU)RU\TPU\subj\63709  |9 80688 
610 1 |a электронный ресурс 
610 1 |a труды учёных ТПУ 
610 1 |a учебные пособия 
610 1 |a общая физика 
610 1 |a основные законы 
610 1 |a задачи 
610 1 |a самостоятельная работа 
610 1 |a Госстандарт 
610 1 |a Особая техника клиентской аттракции 
675 |a 53(075.8)  |v 3 
700 1 |a Кузнецов  |b С. И.  |c физик  |c доцент Томского политехнического университета, кандидат технических наук  |f 1952-  |g Сергей Иванович  |2 stltpush  |3 (RuTPU)RU\TPU\pers\27957 
712 0 2 |a Национальный исследовательский Томский политехнический университет (ТПУ)  |c (2009- )  |2 stltpush  |3 (RuTPU)RU\TPU\col\15902 
801 1 |a RU  |b 63413507  |c 20120418 
801 2 |a RU  |b 63413507  |c 20121024  |g RCR 
856 4 |u http://www.lib.tpu.ru/fulltext2/m/2012/m103.pdf 
942 |c CF